000 00817nam a2200253Ia 4500
003 OSt
005 20220923215204.0
006 a|||||r|||| 00| 0
007 ta
008 220922b |||||||| |||| 00| 0 hin d
024 _a176,427
037 _cTextual
040 _aARTS
_cARTS
_bhin
041 _2hin
_ahin
082 _aO152,1:g, N0
100 _aकपूर, आशा
245 0 _aहिन्दी स्वच्छन्दतावादी काव्य
246 _aHindī svachchhandatāvādī kāvya
260 _aकानपुर
_b साहित्य निकेतन
_c1990
300 _a400 पृ.
_ccm.
650 _aहिन्दी साहित्य
_9156264
942 _hO152,1:g, N0
_cTEXL
_2CC
999 _c329977
_d329977